[Event "ISR-ch Open 2018"]
[Site "Ma'alot-Tarshih"]
[Date "2018.12.14"]
[Round "3"]
[White "Gruenfeld, Yehuda"]
[Black "Iliaguev, Nisim"]
[Result "1-0"]
[WhiteElo "2421"]
[BlackElo "2338"]
[Annotator "TA"]
[PlyCount "129"]
[EventDate "2018.12.11"]
[EventType "swiss"]
[EventCountry "ISR"]
[SourceTitle "playchess.com"]
[Source "ChessBase"]
[SourceQuality "1"]

{[%evp 25,129,29,40,24,19,14,25,27,34,27,50,41,46,39,47,0,53,37,58,58,59,52,66,48,41,33,74,75,75,76,68,64,72,47,97,84,97,93,104,87,95,95,112,104,122,110,116,108,122,122,239,239,239,215,239,232,232,232,225,211,218,218,268,268,268,268,283,283,283,283,363,363,363,363,363,363,362,362,362,363,363,363,363,363,363,363,356,356,358,358,350,337,493,491,860,835,3028,2556,2042,1706,1895,1000,29967,29965,29971,29971]} 1. e4 c5 2. Nf3 e6 3. d4 cxd4 4. Nxd4 Nc6 5. Nc3 Qc7 6. Be2 Nf6 7. O-O Be7 8. Be3 O-O 9. f4 d6 10. Kh1 Nxd4 11. Qxd4 e5 12. Qd3 a6 13. a4 b6 {LiveBook: 10 Games. B85: Sicilian Scheveningen: 6 Be2 a6, lines with early Be3} (13... exf4 14. Bxf4 Be6 15. Qg3 Ne8 16. Rad1 Rd8 17. e5 d5 18. Bd3 Kh8 19. Ne2 Qd7 20. Bg5 g6 21. Nd4 Rc8 {1-0 (31) Petrosian,T (2625)-Grigoryan,K (2602) Yerevan 2016}) 14. Qc4 Qxc4 15. Bxc4 Rb8 {The position is equal.} 16. f5 $146 ({Predecessor:} 16. fxe5 dxe5 17. b3 Bd8 18. Nd5 b5 19. axb5 axb5 20. Ba7 Rb7 21. Nxf6+ Bxf6 {½-½ (60) Paragua,M (2476)-Satyapragyan,S (2436) Goa 2002}) 16... Bb7 17. Bg5 Rbc8 18. Bxf6 Bxf6 19. Bb3 Rfd8 20. Rad1 {[#]} Bc6 (20... Rxc3 $1 $11 {[%mdl 512]} 21. bxc3 Bxe4) 21. Nd5 Bxd5 22. Rxd5 Kf8 23. Rd3 Rc5 24. c3 b5 25. a5 Be7 26. Bd5 Rb8 27. b4 Rc7 28. Rc1 Rbc8 29. Kg1 Rb8 30. Kf2 Rbc8 31. Ke2 Ke8 32. Rg3 $36 {[%mdl 2048] Black is under strong pressure.} Kf8 33. Kd3 h6 34. Rf3 Ke8 35. Rc2 Bg5 36. Rf1 Be7 37. Rb1 Rc4 (37... Bd8 $16 38. c4 bxc4+ 39. Rxc4 Rxc4 40. Bxc4 Rb8) 38. Bxc4 $18 Rxc4 {[%mdl 4096] Endgame KRR-KRB} 39. Rd1 Bg5 40. Re2 Kd7 41. g3 Be7 42. Rf1 Ke8 43. h4 f6 44. Rd1 Kd7 45. Re3 Kc7 46. Ke2 Kd7 47. Kf3 Ke8 48. Kg4 Kf8 49. Kh5 Kf7 50. g4 Rc7 51. Red3 Rc6 52. R1d2 Bf8 53. g5 fxg5 54. hxg5 hxg5 55. Kxg5 Be7+ 56. Kg4 Bf8 57. Kf3 Be7 58. Rg2 Bf6 (58... Rc8 {was necessary.} 59. Ke2 Rd8) 59. Rc2 Ke7 {[#]} (59... g6 $142 60. fxg6+ Ke6) 60. c4 $1 Rxc4 (60... bxc4 61. Rdc3) 61. Rxc4 bxc4 62. Rc3 d5 63. b5 {[%cal Bb4b5,Bb5a6][%mdl 32]} Kd7 64. bxa6 Kc8 65. Rc2 {Accuracy: White = 75%, Black = 39%.} 1-0

[Event "ISR-ch Open 2018"]
[Site "Ma'alot-Tarshih"]
[Date "2018.12.14"]
[Round "3"]
[White "Gruenfeld, Yehuda"]
[Black "Iliaguev, Nisim"]
[Result "*"]
[WhiteElo "2421"]
[BlackElo "2338"]
[Annotator "TA"]
[PlyCount "56"]
[EventDate "2018.12.11"]
[EventType "swiss"]
[EventCountry "ISR"]
[SourceTitle "playchess.com"]
[Source "ChessBase"]
[SourceQuality "1"]

{[%evp 21,56,35,41,40,38,35,38,41,56,48,75,59,87,85,90,83,88,91,85,83,97,96,86,42,93,88,102,102,91,99,93,103,98,55,47,45,75]} 1. e4 c5 2. Nf3 d6 3. Bb5+ Nd7 4. d4 cxd4 5. Qxd4 a6 6. Bxd7+ Bxd7 7. c4 e5 8. Qd3 h6 9. Nc3 Nf6 10. O-O Be7 11. a4 {B51: Sicilian: Moscow Variation (3 Bb5+) without 3...Bd7} O-O {LiveBook: 26 Games} 12. Rd1 (12. b3 Be6 13. Be3 Ng4 14. Rfd1 Nxe3 15. Qxe3 Rc8 16. Nxe5 Bg5 17. f4 Bxf4 18. Qxf4 dxe5 19. Rxd8 exf4 20. Rxc8 Rxc8 {½-½ (32) Anand,V (2779)-Topalov,V (2760) Saint Louis 2016}) 12... Be6 13. Be3 $146 ({Predecessor:} 13. b3 b5 14. Ba3 bxc4 15. bxc4 {1-0 (76) Jones,G (2648)-Eggleston,D (2399) England 2014}) 13... Rc8 14. b3 Qa5 15. Nd2 Rfd8 16. Nf1 Nh5 17. g3 Rf8 18. f3 Kh8 19. Nd5 Bxd5 20. Qxd5 ({Much worse is} 20. cxd5 $6 f5 $11) 20... Qc7 21. Qd3 Qd7 22. c5 {[%cal Rc5d6]} Rc6 ({Black should try} 22... Rfd8 $14) 23. b4 $36 {[%mdl 2048] Black must now prevent b5. White is on the roll.} Rd8 24. b5 axb5 25. axb5 Rcc8 26. Ra7 {[#] Hoping for c6!} Qe6 27. c6 bxc6 28. bxc6 {Strongly threatening Rb1.} Nf6 $1 {Accuracy: White = 87%, Black = 47%.} *

[Event "ISR-ch Open 2018"]
[Site "Ma'alot-Tarshih"]
[Date "2018.12.14"]
[Round "3"]
[White "Globus, Or"]
[Black "Frenkel, Ran"]
[Result "1/2-1/2"]
[WhiteElo "2387"]
[BlackElo "2252"]
[Annotator "TA"]
[PlyCount "72"]
[EventDate "2018.12.11"]
[EventType "swiss"]
[EventCountry "ISR"]
[SourceTitle "playchess.com"]
[Source "ChessBase"]
[SourceQuality "1"]

{[%evp 23,72,25,17,0,-6,-47,-34,-34,-4,-10,14,14,14,14,14,14,14,13,13,13,18,14,13,12,12,4,36,29,46,32,43,31,54,45,60,29,44,21,70,79,70,77,60,80,159,157,153,167,156,163,173]} 1. d4 d5 2. c4 c6 3. Nf3 g6 4. e3 Bg7 5. Nc3 Nf6 6. Be2 {[%cal Bf1e2,Be2c4,Bc4b3,Bb3c2,Bc2e4][%mdl 32]} O-O 7. O-O dxc4 8. Bxc4 Bg4 9. h3 Bxf3 10. Qxf3 Nbd7 11. Bb3 e5 {[%cal Be7e5,Be5e4][%mdl 32]} 12. Rd1 Qe7 {LiveBook: 56 Games} 13. d5 $146 {D94: Grünfeld: 4 Nf3 Bg7 5 e3} ({Predecessor:} 13. Bd2 Rad8 14. a3 e4 15. Qe2 Nb6 16. Rac1 Rfe8 17. Ba2 Nfd5 18. Nxd5 Nxd5 19. b4 a6 20. Qc4 Rd6 {1-0 (53) Turner,M (2533)-Neuman,P (2446) Prague 2018}) 13... e4 14. d6 Qe5 15. Qf4 {Black is slightly better.} Rfd8 16. Bc2 {[%cal Rc3e4]} Bf8 (16... Qxf4 {feels hotter.} 17. exf4 Nb6 18. Nxe4 Nxe4 19. Bxe4 Rd7) 17. Qxe5 Nxe5 18. Nxe4 Nxe4 19. Bxe4 Bxd6 20. b3 f5 21. Bc2 Nf7 22. Bb2 Be5 23. Bxe5 Nxe5 24. f4 Nf7 25. Kf2 Nd6 26. g4 Kf7 27. Kf3 Kf6 28. Rd2 Nf7 29. Rg2 Rd7 30. Rag1 Rad8 31. gxf5 gxf5 32. Rg7 Nd6 33. R7g5 Re7 (33... Rf8 $142) 34. Rh5 $16 {White is clearly better.} Ke6 35. Rd1 Rg8 36. b4 Rg6 {Accuracy: White = 62%, Black = 62%.} 1/2-1/2

[Event "ISR-ch Open 2018"]
[Site "Ma'alot-Tarshih"]
[Date "2018.12.14"]
[Round "3"]
[White "Bronstein, Or"]
[Black "Mordechai, Hanan"]
[Result "0-1"]
[WhiteElo "2359"]
[BlackElo "2310"]
[Annotator "TA"]
[PlyCount "84"]
[EventDate "2018.12.11"]
[EventType "swiss"]
[EventCountry "ISR"]
[SourceTitle "playchess.com"]
[Source "ChessBase"]
[SourceQuality "1"]

{[%evp 12,84,14,4,78,65,53,60,71,56,85,36,45,48,35,25,103,124,108,95,71,56,47,29,61,38,238,219,201,84,88,83,185,-60,-55,-191,0,0,0,-270,-279,-387,-360,-525,-501,-612,-406,-431,-425,-852,-853,-887,-700,-891,-689,-739,-710,-1231,-556,-910,-664,-2650,-1159,-1147,-1053,-1133,-1132,-1057,-896,-29996,-29997,-29997,-29998,-29998,-29999]} 1. d4 {[%cal Bd2d4,Bd4d5][%mdl 32]} Nf6 2. c4 e6 3. Nf3 c5 4. d5 b5 5. e4 Nxe4 6. Bd3 {E10: Blumenfeld Gambit} Nf6 7. O-O {LiveBook: 24 Games} Qb6 $146 (7... bxc4 $11 8. Bxc4 Ba6) ({Predecessor:} 7... Bb7 8. Nc3 Be7 9. Nxb5 exd5 10. cxd5 d6 11. Nh4 O-O 12. Nf5 a6 13. Nc3 {½-½ (44) Vitiugov,N (2724)-Kvon,A (2500) Helsingor 2017}) 8. Nc3 {White is better.} bxc4 9. Bxc4 Be7 10. Re1 {[%mdl 1024] White has strong compensation.} Bb7 11. Bf4 O-O $1 12. d6 Bd8 13. Ne5 {Black must now prevent Na4.} Bc6 (13... a6 $11) 14. Re3 $1 $16 Qb7 15. Rg3 $36 {[%mdl 2048] Black is under strong pressure.} Ne4 16. Nxe4 Bxe4 17. Qe2 Bg6 18. Re1 ({Of course not} 18. Nxg6 $6 fxg6 19. Rb3 Bb6 $11) 18... a6 $2 ({Black should play} 18... Bf6 $14) 19. h4 $1 $18 {[%cal Rh4h5]} Bxh4 20. Rh3 (20. Rb3 $18 {is the precise move to win.} Qc8 21. Qg4 (21. Nxg6 fxg6 22. Qg4 Qd8 $11)) 20... Bf6 $16 21. Nxg6 fxg6 (21... hxg6 $16 22. b3 Nc6) 22. Bd3 $2 (22. Qg4 $1 $18) 22... Qxb2 23. Qe4 (23. Qg4 $1 $15 Nc6 24. Rxh7 $3 {[%mdl 512]}) 23... Qb4 $2 ({Black should try} 23... Bd4 $19 24. Be3 Bxe3 $1 {[%mdl 512]} 25. Rexe3 Qxf2+ 26. Kh1 Nc6 27. Rxh7 Rf5) 24. Bc4 $1 $11 {Rb1 is the strong threat.} Bd4 {[#]} 25. Rc1 $2 {[%mdl 8192]} (25. Bxe6+ $1 $11 {[%mdl 512] and White is okay.} dxe6 26. Qxe6+ Kh8 {[#]} 27. Rxh7+ $1 {[%mdl 512]} Kxh7 28. Qh3+ Kg8 29. Qe6+ {[%mdl 64] Double Attack} Kh8 30. Qh3+ Kg8 31. Qe6+ {[%mdl 64] Double Attack} Kh8 32. Qh3+ Kg8) 25... Nc6 $19 {[%cal Bb8c6,Bc6b4,Bb4c2][%mdl 32]} 26. Rh4 Rf6 27. Rc2 (27. Kh1 {keeps fighting.}) 27... Raf8 {Hoping for ...Qb1+.} 28. g3 Qb1+ 29. Kg2 {and the idea Bb3 leaves White hopeful.} Nb4 30. Bb3 (30. Re2 $142 Qxe4+ 31. Rxe4) 30... Nxc2 31. Bxc2 Qb8 32. Kg1 Qa8 33. Qe2 Qb7 34. Ba4 Qb2 35. Bc2 e5 36. Be3 Qa1+ 37. Kg2 Bxe3 38. Bb3+ Kh8 {[%cal Rf6f2]} 39. Qxe3 Rxf2+ 40. Kh3 Qh1+ {Black mates.} 41. Kg4 h5+ 42. Kg5 R2f5+ {Accuracy: White = 42%, Black = 39%.} 0-1

[Event "ISR-ch Open 2018"]
[Site "Ma'alot-Tarshih"]
[Date "2018.12.14"]
[Round "3"]
[White "Zhizmer, Yuri"]
[Black "Taichman, Ori"]
[Result "0-1"]
[WhiteElo "2326"]
[BlackElo "2303"]
[Annotator "TA"]
[PlyCount "120"]
[EventDate "2018.12.11"]
[EventType "swiss"]
[EventCountry "ISR"]
[SourceTitle "playchess.com"]
[Source "ChessBase"]
[SourceQuality "1"]

{[%evp 20,120,6,0,8,9,29,24,18,22,9,12,63,44,53,69,94,49,68,0,89,104,100,106,109,93,95,56,43,45,40,30,60,59,62,50,71,42,72,30,45,35,50,53,16,0,0,0,0,0,65,67,75,0,0,0,0,0,0,0,0,-8,-8,-8,-8,-8,-8,-8,-8,-8,0,0,0,0,0,0,0,0,0,0,7,-2249,-1514,-29974,-29974,-29975,-29975,-29975,-29976,-29976,-29977,-29977,-29978,-29982,-29983,-29984,-29985,-29985,-29986,-29986,-29987,-29990,-29991]} 1. d4 Nf6 2. Nf3 g6 3. Bf4 b6 4. h3 Bb7 5. e3 Bg7 6. Bd3 c5 7. c3 O-O 8. O-O d6 9. Bh2 {A48: 1 d4 Nf6 2 Nf3 g6: Torre, London and Colle Systems} Nbd7 10. Nbd2 Re8 (10... a6 11. Re1 b5 12. a4 Qb6 13. e4 Rfd8 14. Qe2 c4 15. Bc2 Nf8 16. d5 N8d7 {0-1 (49) Le,Q (2737)-Hansen,E (2629) chess.com INT 2018}) 11. Qe2 {LiveBook: 3 Games. The position is equal.} e5 12. dxe5 Nxe5 13. Nxe5 dxe5 14. Rfd1 Qe7 15. Ba6 $146 ({Predecessor:} 15. e4) 15... e4 ({Better is} 15... Rad8 $11) 16. a4 {[%cal Ba2a4,Ba4a5][%mdl 32]} Red8 17. a5 Rd5 {aiming for ...Bxa6.} 18. Bc4 Rdd8 19. Ba6 Rd5 $1 {Strongly threatening ...Bxa6.} 20. Bb5 Rad8 21. axb6 axb6 {[#]} 22. Nc4 $1 Qe6 23. Rxd5 Nxd5 24. Rd1 Bf8 25. Bg3 Be7 26. Qc2 h5 {[%cal Bh7h5,Bh5h4][%mdl 32]} 27. Be5 f6 28. Bg3 Kg7 29. Ra1 h4 $1 {[%cal Rh4g3]} 30. Bh2 f5 31. Ra7 Bc6 $1 {[%cal Rc6b5]} 32. Be5+ Kf8 33. Qa4 Bxb5 34. Qxb5 Bf6 (34... g5 $1 $11) 35. Bxf6 $14 Nxf6 36. Qxb6 (36. Rb7 $16) 36... Rd1+ $11 37. Kh2 Qxb6 38. Nxb6 {[%mdl 4096] Endgame KRN-KRN} Rd2 39. Nc4 Rxf2 40. b4 cxb4 41. cxb4 Nh5 42. Ra1 Rc2 43. Ne5 g5 {Black wants to play ...f4.} 44. Rb1 $1 Kg7 45. b5 f4 $1 {[%cal Rf4f3]} 46. exf4 $1 gxf4 47. Kg1 $1 {Threatens to win with b6.} Ng3 {...Ne2+ is the strong threat.} 48. b6 {Black must now prevent b7.} Ne2+ 49. Kh2 {And now b7 would win.} f3 $1 50. Ng4 $2 {[%mdl 8192] [#]} (50. Nc4 $11 fxg2 51. b7 g1=Q+ 52. Rxg1+ Nxg1+ 53. Kh1) 50... fxg2 $1 $19 51. Ne3 {[#]} Rb2 $1 {[%cal Rb2b1][%mdl 512] Black mates.} 52. Re1 (52. Rxb2 g1=Q#) 52... g1=Q+ 53. Rxg1+ Nxg1+ 54. Kxg1 {KR-KN} Kg6 55. Nc4 Rb4 56. Nd6 Kg5 57. b7 Kf4 58. Kf2 Rb2+ 59. Ke1 e3 {[%cal Be4e3,Be3e2][%mdl 32]} 60. Kd1 e2+ {Accuracy: White = 59%, Black = 80%.} 0-1

[Event "ISR-ch Open 2018"]
[Site "Ma'alot-Tarshih"]
[Date "2018.12.14"]
[Round "3"]
[White "Lukin, Elisha"]
[Black "Chernomordik, Pavel"]
[Result "0-1"]
[WhiteElo "2280"]
[BlackElo "2277"]
[Annotator "TA"]
[PlyCount "106"]
[EventDate "2018.12.11"]
[EventType "swiss"]
[EventCountry "ISR"]
[SourceTitle "playchess.com"]
[Source "ChessBase"]
[SourceQuality "1"]

{[%evp 9,106,28,34,25,30,11,25,-11,0,0,4,11,36,12,13,14,13,10,17,11,4,4,4,-69,0,0,0,0,0,0,0,0,0,0,17,17,168,167,195,120,299,300,438,437,500,496,466,416,429,418,425,425,476,471,448,440,745,728,660,361,321,282,262,159,235,223,373,58,55,-8,-8,-8,-8,-8,8,-6202,-5085,-29942,0,-29975,-29972,-29979,-29980,-29979,-29978,-29977,-29977,-29977,-29978,-29987,-29988,-29988,-29989,-29989,-29985,-29985,-29986,-29986,-29987]} 1. d4 g6 2. e4 Bg7 3. Nc3 a6 4. Nge2 (4. f4 b5 5. Nf3 d6 6. Bd3 Nd7 7. e5 c5 8. Be4 Rb8 9. Be3 b4 10. Ne2 Nh6 11. dxc5 Nxc5 12. Bxc5 dxc5 13. Bc6+ Bd7 14. Qd5 Rc8 15. Bxd7+ Qxd7 16. Qxd7+ Kxd7 {1-0 (41) Yu,Y (2760)-Adhiban,B (2655) chess.com INT 2018}) 4... b5 5. a3 $146 ({Predecessor:} 5. Bg5 Bb7 6. Qd3 d6 7. f4 b4 8. Nd5 Bxd5 9. exd5 Nf6 10. c4 bxc3 11. Nxc3 O-O {0-1 (30) Grishaev,I (1931)-Pogorelskikh,S (2233) Voronezh 2017}) 5... Bb7 6. Be3 {B06: Modern Defence} d6 7. Qd2 Nd7 8. g3 {White has an edge.} c5 9. Bg2 cxd4 10. Bxd4 Bxd4 11. Qxd4 Ngf6 12. a4 bxa4 13. O-O Qb6 14. Rfe1 Qxd4 15. Nxd4 e5 16. Nde2 (16. Nf3 $11) 16... Nc5 (16... Bc6 $1 $15) 17. Nxa4 $11 Nfxe4 18. Nec3 f5 19. Nxc5 Nxc5 20. b4 $36 {[%mdl 2048] White has good play.} Bxg2 21. bxc5 Bf3 22. cxd6 e4 $2 (22... Kd7 $11 {and Black has nothing to worry.}) 23. Nd5 $18 Kf7 24. c4 (24. Nb6 $18) 24... Rad8 $2 (24... Rac8 $16 {is a better defense.}) 25. c5 ({Much less strong is} 25. Rxa6 $6 Rc8 $18) 25... Ke6 (25... Rc8 $142) 26. Nb6 g5 27. Rxa6 f4 28. d7 Rxd7 29. Nxd7+ Kxd7 {[%mdl 4096] Endgame KRR-KRB} 30. Rh6 Ra8 31. c6+ {[%cal Bc5c6,Bc6c7][%mdl 32]} Kc7 32. Rc1 e3 (32... Rh8 $142 33. Rf6 Bh5 34. gxf4 gxf4 35. Rxf4 Bg6) 33. Rxh7+ Kd6 34. c7 e2 35. Rh6+ Kd7 {intending ...Re8.} 36. Rb6 Re8 (36... Rc8 $16 {was worth a try.}) 37. Rbb1 Rc8 (37... Bc6 $142 38. f3 Kxc7) 38. Rb3 $2 (38. Rc3 $18 Be4 39. Rbc1) 38... Rxc7 $14 39. Rxc7+ (39. Re1 $1 $14 g4 40. h3 (40. gxf4 Ke6 $11)) 39... Kxc7 {[%cal Re2e1] [#] KR-KB} 40. Rb1 Kd6 {Strongly threatening ...Be4.} 41. h4 Be4 42. Re1 $2 {[%mdl 8192]} (42. Ra1 $11 gxh4 43. gxh4) 42... f3 $19 43. hxg5 Kd5 $2 (43... Kc5 {mates} 44. Kh2 Kd4 45. Kh3 Kd3 46. Ra1 Kd2 47. Kg4 e1=Q 48. Rxe1 Kxe1 49. Kf4 Bd5 50. Ke3 Kf1 51. g6 Kg2 52. Kd4 Ba2 53. Ke3 Bb1 54. g7 Bh7 55. g4 Bg8 56. g5 Ba2 57. g8=B Bxg8 58. g6 Ba2 59. Ke4 Kxf2 60. Kf4 Ke2 61. g7 f2 62. Ke5 f1=Q 63. Kd6 Qf6+ 64. Kc7 Qxg7+ 65. Kb6 Qd4+ 66. Ka5 Qd6 67. Kb5 Kd3 68. Ka4 Qb6 69. Ka3 Qb3#) 44. g6 $2 {[%mdl 8192] [#]} (44. Kh2 $11) 44... Kd4 {Black mates.} 45. g7 Bd5 46. Kh2 Kd3 47. Rb1 Kd2 48. Rb2+ Kc1 49. Rb5 e1=Q 50. Rc5+ Kb2 51. Rb5+ Ka3 52. Rxd5 Qxf2+ 53. Kh3 Qf1+ {Accuracy: White = 51%, Black = 43%.} 0-1

[Event "ISR-ch Open 2018"]
[Site "Ma'alot-Tarshih"]
[Date "2018.12.14"]
[Round "3"]
[White "Emanuel, Yahav"]
[Black "Libman, Guy"]
[Result "0-1"]
[WhiteElo "2221"]
[BlackElo "2299"]
[Annotator "TA"]
[PlyCount "102"]
[EventDate "2018.12.11"]
[EventType "swiss"]
[EventCountry "ISR"]
[SourceTitle "playchess.com"]
[Source "ChessBase"]
[SourceQuality "1"]

{[%evp 38,102,22,20,22,4,2,0,0,0,0,0,0,0,13,14,33,10,13,0,12,0,0,0,0,6,61,31,97,60,79,80,91,0,0,-268,-275,-337,-321,-385,-376,-389,-293,-285,-279,-288,-285,-444,-447,-495,-487,-911,-911,-862,-876,-29956,-29952,-5328,-5322,-29980,-29981,-29983,-29984,-29983,-29984,-29991,-29992]} 1. e4 e5 2. Nf3 Nc6 3. Bb5 a6 4. Ba4 Nf6 5. O-O Be7 6. Re1 b5 7. Bb3 d6 8. c3 O-O 9. h3 Nb8 10. d4 Nbd7 11. Nbd2 {[%cal Bb1d2,Bd2f1,Bf1g3][%mdl 32]} Bb7 12. Bc2 Re8 13. Nf1 Bf8 14. Ng3 g6 15. a4 c5 16. d5 c4 17. Bg5 Bg7 18. Qd2 {C95: Closed Ruy Lopez: Breyer Variation with 10 d4} Nc5 (18... Rb8 19. Nh2 Bc8 20. Ng4 Nc5 21. Nh6+ Bxh6 22. Bxh6 bxa4 23. Ra2 a3 24. bxa3 Nfd7 25. f4 a5 {1-0 (47) Anand,V (2804)-Carlsen,M (2876) Stavanger 2015}) 19. Ra3 Qc7 20. Rea1 {LiveBook: 3 Games. The position is equal.} Reb8 21. Qc1 $146 ({Predecessor:} 21. axb5 axb5 22. Rxa8 Rxa8 23. Rxa8+ Bxa8 24. Bh6 Bh8 25. Kh2 Bb7 {½-½ (166) Ali,M (2411)-Adams,M (2738) Baku 2016}) 21... Nfd7 22. h4 {[%cal Bh3h4,Bh4h5][%mdl 32]} Nb6 23. axb5 axb5 24. h5 Rxa3 25. Rxa3 Ra8 26. Rxa8+ Bxa8 27. Nh2 f6 28. Be3 Bb7 29. f4 exf4 30. Bxf4 Bc8 31. Nf3 Bg4 (31... Nbd7 $11) 32. Nd4 Qd7 (32... Nba4 $14) 33. Bh6 Nba4 34. Bxg7 Kxg7 35. Qf4 ({White should play} 35. h6+ $1 $16 Kf7 36. Nf1) 35... Nxb2 $11 36. Ndf5+ $2 {[%mdl 8192] [#]} (36. hxg6 $11 hxg6 37. Nf1) 36... Bxf5 $1 $19 (36... gxf5 37. exf5 Kf8 38. Qxg4 $17) 37. exf5 {[#]} g5 $1 {[%cal Rg5f4]} 38. Qc1 Nbd3 39. Bxd3 {Hoping for Bc2.} Nxd3 ({Weaker is} 39... cxd3 40. Qe1 $19) 40. Qe3 Nf4 41. Qd4 Qf7 42. Kf2 (42. Qe3 $142) 42... Qxd5 43. h6+ Kg8 44. Ne4 (44. Qxd5+ $142 Nxd5 45. Ne2) 44... Qxd4+ 45. cxd4 {[%mdl 4096] Endgame KN-KN} Nd5 46. Nxd6 c3 {[%cal Bc4c3,Bc3c2][%mdl 32]} 47. Ke2 b4 {[%cal Bb5b4,Bb4b3,Bb3b2][%mdl 32]} 48. Ne4 b3 {Black mates.} 49. Kd3 c2 50. Kd2 Nb4 51. Nc5 b2 {Accuracy: White = 27%, Black = 65%.} 0-1

[Event "ISR-ch Open 2018"]
[Site "Ma'alot-Tarshih"]
[Date "2018.12.14"]
[Round "3"]
[White "Gershkowich, David"]
[Black "Kobo, Ori"]
[Result "0-1"]
[WhiteElo "2193"]
[BlackElo "2494"]
[Annotator "TA"]
[PlyCount "114"]
[EventDate "2018.12.11"]
[EventType "swiss"]
[EventCountry "ISR"]
[SourceTitle "playchess.com"]
[Source "ChessBase"]
[SourceQuality "1"]

{[%evp 16,114,38,35,52,45,43,35,24,10,24,20,20,20,20,0,0,0,14,7,28,0,0,-28,-8,-53,-45,-67,-32,-77,-67,-71,-68,-76,-62,-94,-88,-114,-131,-112,-67,-100,-104,-175,-67,-71,-70,-68,-44,-72,-64,-113,-114,-107,-107,-123,22,39,82,104,176,154,131,-34,0,0,127,135,127,-101,-110,-95,-106,-63,-106,-53,-28,-28,-28,-14,69,-257,-269,-272,-269,-264,-271,-245,-260,-425,-415,-585,-582,-634,-606,-635,-624,-964,-956,-1017,-1026]} 1. e4 g6 2. Nf3 Bg7 3. d4 d6 4. Bd3 Nf6 5. c3 O-O 6. O-O Nbd7 7. Re1 e5 8. a4 {B07: Pirc Defence: Miscellaneous Systems} (8. Bg5 h6 9. Bh4 Qe8 10. Na3 a6 11. Nc4 Nh5 12. Ne3 Nf4 13. Bg3 Nxd3 14. Qxd3 b5 15. Nd5 Ra7 16. Qe3 Rb7 17. Rad1 {½-½ (64) Ragger,M (2659)-Laznicka,V (2654) Novy Bor 2017}) 8... a5 9. Na3 {LiveBook: 7 Games} b6 10. Bg5 {White is slightly better.} h6 11. Bd2 Bb7 $146 ({Predecessor:} 11... Nh5 12. Nc4 Bb7 13. dxe5 Nxe5 14. Be2 Nf6 15. Nfxe5 dxe5 16. f3 Qe7 17. b4 Rfd8 18. Qc2 Bf8 19. Reb1 Bc6 20. Be3 Nd7 21. Nd2 Qf6 {½-½ (21) Andersen,J (2276)-Danielsen,H (2512) Copenhagen 2010}) 12. d5 c6 13. c4 Nc5 14. Bc2 Qc7 15. Nb1 Ba6 16. Na3 Rfb8 17. Bc3 Bc8 18. Nb1 Nh5 19. Ra3 Nf4 20. Nbd2 cxd5 21. cxd5 Ba6 22. Nf1 Rc8 23. Re3 Qd7 $36 {[%mdl 2048] Black has some pressure.} 24. Ne1 h5 25. Bd2 Bh6 26. b4 axb4 27. Bxb4 Ra7 28. Nd2 Rac7 29. Ra1 {[#]} (29. h3 $17) 29... Nb7 (29... Qg4 $1 $19 30. Qxg4 hxg4) 30. h3 $15 Kh8 31. Kh2 h4 32. Rb1 Qd8 33. Bb3 Na5 34. Ba2 Qf6 35. Ndf3 {[#]} Bf1 (35... Ne2 $1 $17 {...Bf4+ is the strong threat.} 36. Rxe2 Rc1 37. Rxc1 {[%mdl 64] Remove Defender} Rxc1 38. Qxc1 {[%mdl 64] Remove Defender} Bxc1) 36. Bd2 $1 $11 Nc4 37. Bxc4 $1 Rxc4 (37... Bxc4 $16 38. Rxb6 Nh5) 38. Rxb6 $18 Kg7 39. Rb4 $2 (39. a5 $16) 39... Rxb4 (39... Nxd5 $5 40. exd5 Rxb4 41. Bxb4 Qf4+ {[%mdl 64] Double Attack} 42. Kg1 Qxb4 43. Kxf1 Bxe3 44. fxe3 Ra8 $15) 40. Bxb4 Rc4 (40... Nxh3 $1 $11 41. Kxh3 (41. gxh3 Bxe3 42. fxe3 Rc4 $11) 41... Bxe3 42. fxe3 Rc4) 41. Bd2 $16 Qe7 42. Kg1 $2 (42. a5 $16 {and life is bright.}) 42... Bxg2 $1 $17 {[%mdl 64] Remove Defender} 43. Nxg2 Nxh3+ 44. Kf1 Bxe3 45. Bxe3 Rxe4 {And now ...Qd7 would win.} 46. Qc2 $1 {[%cal Rc2e4]} Rb4 {aiming for ...Qd7.} 47. Bd2 Rg4 (47... Rb8 $11) 48. Qb3 $2 {[%mdl 8192]} (48. Qc8 $1 $14 f5 49. a5) 48... Qa7 $19 {[%csl Gh3][%cal Ra7f2]} 49. Be3 Qa6+ 50. Qb5 Qxa4 ({Don't play} 50... Rxa4 51. Qxa6 Rxa6 52. Ngxh4 $19) 51. Qxa4 Rxa4 52. Bd2 $2 {[#]} (52. Nfxh4 Ra5 53. Nf3) 52... g5 $1 53. Ne3 (53. Bxg5 {is a better defense.} e4 54. Nfxh4 Ra1+ 55. Ke2 Nxg5 56. Ne3) 53... Kg6 {Black is clearly winning.} 54. Kg2 Nf4+ 55. Kh2 f6 56. Be1 e4 57. Ng1 Nd3 {Accuracy: White = 31%, Black = 48%.} 0-1